Statistics for Biggest Cities in Croatia

Click here to take the quiz!

General Stats

  • This quiz has been taken 624 times
    (463 since last reset)
  • The average score is 7 of 10

Answer Stats

PopulationAnswer% Correct
792,875Zagreb
100%
167,121Split
97%
128,314Rijeka
88%
71,471Zadar
84%
83,104Osijek
80%
57,460Pula
78%
34,302Šibenik
60%
38,839Varaždin
56%
46,833Karlovac
53%
53,531Slavonski Brod
51%

Score Distribution

Percentile by Number Answered

Percent of People with Each Score

Your Score History

You have not taken this quiz since the last reset